000 00861nam a22002897a 4500
003 CHAP
005 20220329133638.0
008 971013s1995 r 00010 d
010 _a8969
011 _a9941
035 _a9177
040 _cCHAP
082 _a636.089
_bP7 1995
245 _aProntuario de especialidades veterinarias
250 _a15 ed.
260 _aMéxico, D.F. :
_bPLM,
_c1995
300 _a703 p.
590 _aBATCH-UPD
_b10
_c20130110
_lUCH01
_h0309
590 _aBATCH-UPD
_b10
_c20130110
_lUCH01
_h2059
590 _aCONVERSION
_b10
_c20130109
_lUCH01
_h1306
650 1 4 _aVeterinaria
_xLaboratorios.
_9119000
650 1 4 _aVeterinaria
_xMedicamentos.
_9119002
700 0 _aRosenstein Ster, Emilio.
_9100130
901 _aBK
942 _cLIBRO
949 _a636.089 P7 1995
_bBC
_cC
_d33724000618153
_eC
_gI.178298
_h88129
_i9177
_si
_t130.00
999 _c8969
_d8969